Responses for show #1953 - Wednesday, February 17, 1993

1993 Teen Tournament quarterfinal game 3.

Contestants

[<< previous game]

Jesse Roach, a senior from Aiken, South Carolina

Colin Rafferty, a junior from Fairway, Kansas

Becky Pawlowski, a sophomore from Springfield, Missouri

[next game >>]

Jeopardy! Round responses

KENTUCKY
COMIC BOOKS
HOLIDAYS & OBSERVANCES
LIEUTENANTS
SINGERS
ANIMAL VERBS
(Alex: These are verbs that also happen to be the name of a particular animal.)
    $100 16
Senate

Becky
    $100 2
recycled paper

Colin
    $100 1
Father's Day

Colin
    $100 26
the Bounty

Jesse
    $100 7
Sinead O'Connor

Jesse
    $100 11
rat

Becky
    $200 18
18

Becky
    $200 3
(Uncle) Scrooge McDuck

Jesse
    $200 9
Lent

Jesse
    $200 27
Charles Lindbergh

Jesse
    $200 8
Chynna Phillips

Becky
    $200 22
bat

Becky
    $300 19
Louisville

Becky
    $500 4
Superman

Jesse
    $300 10
Martin Luther King, Jr.'s Birthday

Colin
    $300 28
(Zebulon) Pike

Colin
    $300 14
Milli Vanilli

Jesse
    $300 23
bear

Jesse
    $400 20
(Colin: What is cotton?)

tobacco

Colin
Triple Stumper
    $400 5
Levi's jeans

Colin
    $400 12
Leif Erikson

Triple Stumper
    $400 29
Anthony Wayne

Colin
    $400 15
lip-synching

Colin
    $400 24
hog

Jesse
    $500 21
commonwealth

Jesse
    $500 6
the X-Men

Colin
    $500 13
Robert Burns

Jesse
    $500 30
John C. Fremont

Triple Stumper
    $500 17
New Orleans

Becky
    $500 25
crow

Triple Stumper

Scores at the first commercial break (after clue 13):

Becky Colin Jesse
$300 $1,400 $1,500

Scores at the end of the Jeopardy! Round:

Becky Colin Jesse
$1,600 $2,100 $3,300

Double Jeopardy! Round responses

U.S. PRESIDENTS
INVENTORS & INVENTIONS
WORLD GEOGRAPHY
MODERN AUTHORS
ASTRONOMY
TEENS IN HISTORY
    $200 1
Mount Vernon

Jesse
    $200 6
margarine

Jesse
    $200 23
London

Colin
    $200 11
J.D. Salinger

Becky
    $200 19
Halley's Comet

Becky
    $200 15
Tutankhamun

Colin
    $400 2
George (H.W.) Bush

Becky
    $400 7
air conditioner

Becky
    $400 24
Somalia

Becky
    $400 12
Judy Blume

Colin
    $400 22
Jupiter

Jesse
    $400 16
Napoleon Bonaparte

Becky
    $600 3
governor

Jesse
    $600 8
(Becky: Who is Macintosh?)

Steve Jobs

BeckyJesse
    $600 25
the Danube

Becky
    $600 13
Alice Walker

Jesse
    $600 28
light

Jesse
    $600 18
Florence Nightingale

Colin
    $800 4
Andrew Jackson

Colin
    $800 9
Newfoundland

Jesse
    $700 26
Antarctica

Becky
    $800 14
Anne Rice

Colin
    $800 29
Tycho Brahe

Becky
    $800 20
the Hundred Years' War

Becky
    $1000 5
William McKinley

Jesse
    $1000 10
(Jesse: Who was Fulton?)

James Watt

ColinJesse
    $1000 27
the Matterhorn

Jesse
    $1000 17
Jean Auel

Colin
    $1000 30
Mars

Becky
    $1,600 21
(Becky: Who was Mary, Queen of Scots?)

Elizabeth (the 1st)

Becky

Scores at the end of the Double Jeopardy! Round:

Becky Colin Jesse
$5,300 $7,100 $8,300

Final Jeopardy! Round responses

IN THE NEWS
BeckyWho is Al Gore?
$2,200
ColinWho is Gore?
$1,900
JesseWho is Gore
$3,700
Al Gore

Final scores:

Becky Colin Jesse
$7,500 $9,000 $12,000
3rd place: $1,000 if not wild card semifinalist 2nd place: $1,000 if not wild card semifinalist Automatic semifinalist

Game dynamics:

Coryat scores:

Becky Colin Jesse
$7,000 $7,100 $8,100
18 R
(including 1 DD),
2 W
(including 1 DD)
16 R,
1 W
21 R
(including 1 DD),
1 W

Combined Coryat: $22,200

The J! Archive is created by fans, for fans. The Jeopardy! game show and all elements thereof, including but not limited to copyright and trademark thereto, are the property of Jeopardy Productions, Inc. and are protected under law. This website is not affiliated with, sponsored by, or operated by Jeopardy Productions, Inc. Join the discussion at JBoard.tv.